Регионална библиотека "Любен Каравелов" - Русе

Доказателства за живота (Запис номер 499314)

MARC детайли
000 -Лидер
Лидер 00904nam a2200253 a 4500
003 - Код на организацията, давaща контролен номер
Код на организацията, даваща контролен номер BLK
005 - Дата и час на последна редакция
Дата и час на последна редакция 20231220090234.0
007 - Фиксирано поле за физическо описани
Физическо описание ta
008 - Елементи от данни с фиксирана дължина
Елементи с фиксирана дължина 231220b bu |||||r|||| 00| | bu d
020 ## - Международен стандартен номер на книга ISBN
ISBN 9786197430332
040 ## - Източник на каталожния запис
Код на библиотеката BLK
041 ## - Код за език
Език Български
Език за КДБФ Български
080 ## - УДК
9 (RLIN) 227592
УДК текст Българска литература
УДК код 821.163.2
УДК – определител -1
УДК – код + определител 821.163.2-1
100 ## - Редна дума - Автор
R(LIN) 490095
Автор Маргов, Борис Николов
245 ## - Сведения за заглавието
Заглавие Доказателства за живота
Авторска отговорност Борис Маргов ; подб. Руслана Маргова
260 ## - Област на издателските данни
9 (RLIN) 391719
Място на издаване София
Име на издателя A&T Publ.
Година на издаване 2019
Печатница ([София] : [J Point])
300 ## - Физическа характеристика
Брой страници 128 с.
Размер 20 см
380 ## - Жанр
Жанр Худож. лит.
700 ## - Други автори (авторска отговорност)
9 (RLIN) 490096
Друг автор Маргова, Руслана Николова
852 ## - Местоположение
Сигнатура (форматна) Цб 320707
Отдел Хранилище
856 ## - Електронен адрес и достъп
Инструкция (цена за достъп) 0.00
Права за достъп disable
942 ## - АРТИКУЛИ
Вид на библиотечния документ Книги
Скрит в OPAC Не
944 ## - СЪЗДАВАНЕ И РЕДАКЦИЯ на ЗАПИСА
Създаване/Редакция
Дата на регистрацията/редакция Геновева Генчева
Служител, извършил регистрацията/редакцията 30560
Номер на служител Геновева Генчева
999 ## - СИСТЕМНИ КОНТРОЛНИ НОМЕРА
Koha biblionumber 499314
Koha biblioitemnumber 499314
Наличности
Код за отписване Код за изгубен артикул Източник на класификационната схема Код за повреда Коз за рестрикции Код за отдаване Артикулен № Име на библиотеката - собственик Име на библиотеката, в която се намира в момента Статус (Текущо местоположение) Дата на вписване в системата Местоположение - отдел Цена в лева Инвентарен номер Систематично азбучна сигнатура Баркод Цена в евро Служебен тип на артикула
  Не е изгубен Universal Decimal Classification Не е повреден само за читалня ползва се в читалня 937677 Регионална библиотека "Любен Каравелов" Русе Регионална библиотека "Любен Каравелов" Русе Хранилище 2023-12-21 Хранилище 9.99 120000896722 Цб 320707 120000896722 5.11 Книги
Vip Innovations Ltd, Rousse, Bulgaria 2025